Meilleurs services secrets du monde - Statistiques

Statistiques générales
  • Ce quiz a été pris 92 fois
  • Le résultat moyen est 4 sur 7
Statistiques - réponses
Pays Service secret % Correct
Etats-Unis CIA
99%
Israel MOSSAD
77%
France DGSE
65%
Royaume-Uni SIS
58%
Russie FSB
35%
Chine MSS
11%
Allemagne BND
10%
Aucun quiz correspondant
Distribution des résultats
% des personnes avec chaque résultat
Percentile par nombre de réponses
Votre historique - résultats
Vous n’avez pas pris ce quiz